Collected plays of Satish Alekar: (Record no. 36939)

MARC details
000 -LEADER
fixed length control field 01256nam a22002777a 4500
005 - DATE AND TIME OF LATEST TRANSACTION
control field 20100714145523.0
008 - FIXED-LENGTH DATA ELEMENTS--GENERAL INFORMATION
fixed length control field 100714t xxu||||| |||| 00| 0 eng d
010 ## - LCCN (DPL NO)
LC control number ENG-96396
020 ## - INTERNATIONAL STANDARD BOOK NUMBER
International Standard Book Number 9780198069881
Terms of availability 350.00
020 ## - INTERNATIONAL STANDARD BOOK NUMBER
International Standard Book Number 019806988x
Terms of availability 350.00
035 ## - SYSTEM CONTROL NUMBER
System control number EN-79929
037 ## - SOURCE OF ACQUISITION
Source of stock number/acquisition DBAD / PUB
040 ## - CATALOGING SOURCE
Original cataloging agency dpl
Language of cataloging English
082 ## - DEWEY DECIMAL CLASSIFICATION NUMBER
Classification number 891.462
100 ## - MAIN ENTRY--PERSONAL NAME
Personal name Alekar, Satish
245 ## - TITLE STATEMENT
Title Collected plays of Satish Alekar:
Statement of responsibility, etc with introductions by Samik Bandyopadhyay /
Remainder of title The dread departure, Deluge, The Terrorist, Dynasts, Begum Barve, Mickey and the memsahib /
260 ## - PUBLICATION, DISTRIBUTION, ETC. (IMPRINT)
Place of publication, distribution, etc New Delhi
Name of publisher, distributor, etc Oxford University Press
Date of publication, distribution, etc 2010
270 ## - ADDRESS
Address YMCA Library Building, Jai Singh Road,
City New Delhi
Postal code 110001
300 ## - PHYSICAL DESCRIPTION
Extent 422p., [16]p. of plates :
Dimensions 24cm (pbk)
Other physical details ill
600 ## - SUBJECT ADDED ENTRY--PERSONAL NAME
Personal name Alekar, Satish, 1949-
Form subdivision Translation into English
650 ## - SUBJECT ADDED ENTRY--TOPICAL TERM
Topical term or geographic name as entry element Marathi plays
Form subdivision Translation into English
700 ## - ADDED ENTRY--PERSONAL NAME
Personal name Bandyopadhyay, Samik
942 ## - ADDED ENTRY ELEMENTS (KOHA)
Institution code [OBSOLETE] dpl
Item type English Books
Source of classification or shelving scheme Dewey Decimal Classification
Call number suffix ALE
Classification part 891.462
Holdings
Withdrawn status Lost status Source of classification or shelving scheme Damaged status Not for loan Collection code Home library Current library Date acquired Source of acquisition Cost, normal purchase price Total Checkouts Full call number Barcode Date last seen Copy number Cost, replacement price Koha item type
    Dewey Decimal Classification   Not For Loan Non-fiction D.B.Act.Division D.B.Act.Division 14/07/2010 DBAD/PUB 350.00   891.462 ALE EN-79929 14/07/2010 1 350.00 English Books

© Delhi Public Library
Hit Counter
free hit counter